000 00529nam a22001937a 4500
003 OSt
005 20140310182923.0
008 130129t xxu||||| |||| 00| 0 eng d
020 _a9789712725883
050 _aDS 675.8
_b.Sa195 2011
082 _aFIL 959.9025
_bS195 2011
245 _aRizal in our time
_bessays in interpretation
_cE. San Juan, Jr.
260 _aManila
_bAnvil
_cc2011
300 _a 212 p.
_c23 cm.
521 _acollege students
526 _c1210L-1700L
541 _j1
942 _2lcc
_cBK
_kFIL
999 _c17377
_d17377